000 01015nam a22002537a 4500
999 _c63325
_d63325
005 20240530110634.0
008 170919s2014 ua f b 000 0 ara d
017 _a2013/22073
_bمصر. دار الكتب
020 _a9789772122318
040 _aEG-CaGPL
_cEG-CaGPL
082 0 4 _221
_a363.85 /
_bح ت
100 0 _aحسين عبدالحميد احمد رشوان
245 1 2 _aالتنظيم الاجتماعى و المعايير الاجتماعية /
_cحسين عبدالحميد احمد رشوان
260 _aالاسكندرية :
_bمؤسسة شباب الجامعة ،
_c2014
300 _a343 ص. ؛
_c24 سم.
490 0 _aسلسلة كتب علم الاجتماع ؛
_v92
504 _aيشتمل على ارجاعات ببليوجرافية
650 0 7 _2qrmak
_aالخدمة الاجتماعية
650 0 7 _2qrmak
_aتنظيم المجتمع
650 0 7 _2qrmak
_aالضبط الاجتماعى
651 _2qrmak
942 _2ddc
_cBK